[Event "RUS-chT Premier 2019"]
[Site "Sochi"]
[Date "2019.05.01"]
[Round "1.1"]
[White "Chigaev, Maksim"]
[Black "Lobanov, Sergei"]
[Result "1-0"]
[WhiteElo "2637"]
[BlackElo "2513"]
[Annotator "TA"]
[PlyCount "116"]
[EventDate "2019.04.30"]
[EventType "team-tourn"]
[EventCountry "RUS"]
[SourceTitle "playchess.com"]
[Source "ChessBase"]
[SourceQuality "1"]

{[%evp 17,116,-9,0,0,0,0,0,0,0,0,0,0,0,0,0,0,0,0,0,0,0,0,16,31,122,38,44,35,23,25,33,45,32,19,19,15,129,136,197,207,207,201,207,207,207,210,207,200,339,293,292,287,407,407,397,390,385,366,597,333,597,589,589,589,589,589,589,583,583,582,576,575,575,568,29958,29960,29961,29962,29959,29963,29955,29958,29959,12830,29948,29951,29947,29948,29942,12797,29958,29960,29958,29956,29960,12804,12797,7566,6150,6552,4627]} 1. e4 e5 2. Nf3 Nc6 3. d4 exd4 4. Nxd4 Nf6 5. Nxc6 bxc6 6. e5 Qe7 7. Qe2 Nd5 8. c4 Ba6 9. b3 g6 10. Ba3 {C45: Scotch Game} (10. g3 Bg7 11. Bb2 O-O 12. Bg2 Rae8 13. O-O Bxe5 14. Qxe5 Qxe5 15. Bxe5 Rxe5 16. cxd5 Bxf1 17. Kxf1 cxd5 18. Nc3 c6 19. Rd1 Rfe8 20. Bf3 Kf8 21. Ne2 {½-½ (41) Aronian,L (2765)-Amin,B (2709) Germany 2019}) 10... d6 11. exd6 Qxe2+ $1 12. Bxe2 {Strongly threatening Bb2.The position is equal.} Bg7 {...Nf4 is the strong threat.} 13. cxd5 Bxe2 14. Kxe2 (14. dxc6 $2 Bb5 $19) 14... Bxa1 15. Rc1 $1 (15. dxc7 cxd5 16. Rd1 Be5 $17) 15... O-O-O 16. f4 c5 17. Bxc5 Kb7 18. Nd2 $146 cxd6 19. Be3 Bg7 20. Nc4 {And now Na5+ would win.} Ka6 (20... Rhe8 $14) 21. a4 ({White should try} 21. Kd3 $1 $16) 21... Rhe8 $14 22. Kd3 {[%mdl 1024] White has compensation.} Rb8 $1 {[%cal Rb8b3]} 23. Rb1 Rbc8 24. Bg1 f5 25. b4 {[#]} Rxc4 $1 {[%mdl 512]} 26. Kxc4 $11 {[%mdl 4096] Endgame KRB-KRB} Re4+ (26... Rc8+ $11 27. Kd3 Rc3+ 28. Kd2 Ra3) 27. Kb3 $1 $16 Bd4 (27... Kb7 $16 {keeps fighting.}) 28. Bxd4 $18 Rxd4 {KR-KR} 29. Re1 $1 Kb6 30. Kc3 Rxf4 31. Re6 Kc7 32. Re7+ {[%mdl 64] Double Attack} Kb6 (32... Kb8 $142 33. g3 (33. Rxh7 Rg4 $16) 33... Re4 34. Rxh7 a5) 33. Rd7 $1 (33. Rxh7 a5 $16) 33... a5 34. Rxd6+ Kc7 (34... Ka7 $142 35. Rd7+ (35. bxa5 Rxa4 36. Rd7+ {[%mdl 64] Double Attack} Kb8 $18) 35... Kb8 36. bxa5 Rxa4 37. Rxh7 Rxa5) 35. Rc6+ Kd7 36. bxa5 Rxa4 37. a6 f4 $2 (37... g5 {is a better defense.} 38. Kb3 Ra1) 38. Kb3 Ra1 $2 (38... Ra5 39. Rf6 Ke7) 39. h4 Ra5 40. Kc4 Ra2 41. Kd4 Rxg2 42. Rf6 Ra2 43. Ke5 $1 f3 44. a7 $1 Ke8 45. d6 $1 Rxa7 {[#]} 46. Ke6 $1 g5 47. hxg5 Rg7 48. Rxf3 Rg6+ 49. Rf6 Rg7 50. Kf5 (50. Rf5 $142 Rg6+ 51. Kd5 Rg7 52. Kc6 Ra7 53. Rb5 Ra8 54. Rb7 Ra6+ 55. Kd5) 50... Kd7 51. Kg4 Kc6 52. Kh5 Kd5 {[#]} 53. Kh6 $1 Ra7 54. Rf8 Kxd6 55. Rh8 Ke6 56. Rxh7 Ra1 {White is clearly winning.} 57. Kg6 Rg1 58. Ra7 Kd5 {Accuracy: White = 88%, Black = 61%.} 1-0

[Event "RUS-chT Premier 2019"]
[Site "Sochi"]
[Date "2019.05.01"]
[Round "1.2"]
[White "Usmanov, Vasily"]
[Black "Paravyan, David"]
[Result "0-1"]
[WhiteElo "2437"]
[BlackElo "2610"]
[Annotator "TA"]
[PlyCount "120"]
[EventDate "2019.04.30"]
[EventType "team-tourn"]
[EventCountry "RUS"]
[SourceTitle "playchess.com"]
[Source "ChessBase"]
[SourceQuality "1"]

{[%evp 14,120,22,16,6,8,29,3,22,21,16,21,6,0,0,0,0,0,4,0,4,14,0,7,9,14,26,36,26,24,51,15,18,-95,-78,-60,18,-125,-62,-88,-91,-121,-80,-161,-162,-145,-135,-154,-111,-100,-86,-102,-96,-105,-105,-100,-107,-106,-111,-106,-93,-90,-95,-192,-192,-192,-187,-190,-188,-219,-195,-194,-200,-237,-237,-233,-223,-351,-351,-414,-360,-369,-340,-386,-338,-450,-446,-491,-476,-568,-568,-547,-491,-582,-576,-571,-569,-555,-543,-552,-538,-612,-607,-633,-606,-564,-566,-1429,-1393]} 1. d4 Nf6 2. c4 g6 3. Nc3 d5 4. cxd5 Nxd5 5. Bd2 Bg7 6. e4 Nxc3 7. Bxc3 O-O 8. Qd2 b6 {D85: Exchange Grünfeld: Unusual White 7th moves and lines with 7 Nf3} (8... c5 9. d5 Bxc3 10. bxc3 Qd6 11. f4 e6 12. Bc4 b5 13. Bxb5 exd5 14. Bc4 Bb7 15. Nf3 Rd8 16. Bxd5 Bxd5 17. Qxd5 Qxd5 18. exd5 Rxd5 {½-½ (29) Tomashevsky,E (2702)-Nepomniachtchi,I (2768) Satka 2018}) 9. Bc4 Bb7 10. f3 e6 {The position is equal.} 11. Ne2 Qh4+ $146 ({Predecessor:} 11... Nd7 12. Rd1 Qh4+ 13. g3 Qe7 14. O-O c5 15. d5 Ne5 16. Bxe5 Bxe5 17. dxe6 fxe6 {½-½ (47) Ghaem Maghami,E (2530)-Lorparizangeneh,S (2506) Bushehr 2018}) 12. g3 Qe7 13. O-O Rd8 14. Qe3 a5 15. Rfd1 c6 16. a3 Na6 17. Rac1 Nc7 18. Be1 Na6 19. Bf2 c5 20. Qb3 Rd6 21. e5 Rdd8 $1 22. f4 Qc7 23. d5 (23. Nc3 $11) 23... a4 $1 $36 {[%cal Ra4b3][%mdl 2048] White is under strong pressure.} 24. Qf3 {Black should prevent Nc3.} b5 (24... exd5 $15 25. Bxd5 Rxd5 26. Rxd5 Qc6) 25. Ba2 {[#]} (25. Bxb5 $11 Bxd5 26. Qe3) 25... c4 (25... exd5 $1 $17 {Strongly threatening ...d4.} 26. Bxd5 Rxd5 27. Rxd5 Qc6) 26. Nc3 $15 Qa5 27. Qe3 Bxd5 28. Qb6 {[#]} (28. Nxd5 $17 {was necessary.} exd5 29. Qb6 Qxb6 30. Bxb6) 28... Qxb6 $1 $19 29. Bxb6 Rdb8 30. Be3 Nc7 31. Bc5 Rb7 32. Bd6 Bf3 33. Rd4 Nd5 34. Kf2 Nxc3 35. bxc3 Bd5 36. Bb1 f6 37. Be4 Bxe4 38. exf6 (38. Rxe4 $17 fxe5 39. fxe5) 38... Bxf6 39. Rxe4 Rd7 40. Bb4 Rd2+ 41. Kg1 Kf7 42. Rce1 Re8 43. R1e2 Rxe2 44. Rxe2 {[%mdl 4096] Endgame KRB-KRB} Rd8 45. Re3 (45. Kf2 $142) 45... Rd2 46. g4 h5 47. h3 Bd8 {And now ...Bb6 would win.} 48. Re5 Rd5 49. Re2 Bc7 {Black is clearly winning.} 50. Re4 Rd3 51. Kg2 h4 52. f5 Rg3+ 53. Kf1 e5 54. g5 gxf5 55. Rxh4 {intending Rh7+.} Rxg5 56. Rh6 e4 57. Rc6 Bd8 58. h4 Rg6 59. Rc5 Bxh4 60. Rxf5+ Rf6 {Accuracy: White = 44%, Black = 73%.} 0-1

[Event "RUS-chT Premier 2019"]
[Site "Sochi"]
[Date "2019.05.01"]
[Round "1.3"]
[White "Esipenko, Andrey"]
[Black "Pershin, Denis"]
[Result "0-1"]
[WhiteElo "2620"]
[BlackElo "2409"]
[Annotator "TA"]
[PlyCount "122"]
[EventDate "2019.04.30"]
[EventType "team-tourn"]
[EventCountry "RUS"]
[SourceTitle "playchess.com"]
[Source "ChessBase"]
[SourceQuality "1"]

{[%evp 10,122,21,10,25,22,21,18,29,16,22,22,25,18,52,55,46,33,59,0,0,0,0,2,16,15,12,13,30,-36,-39,-54,-49,-97,-59,-60,-64,-100,-61,-233,-224,-224,-225,-226,-225,-222,-224,-229,-229,-222,-228,-242,-241,-277,-210,-220,-221,-220,-219,-218,-210,-213,-221,-191,-211,-229,-224,-335,-325,-361,-350,-341,-269,-422,-422,-411,-402,-363,-335,-29963,-29964,-29963,-29963,-29961,-29957,-29961,-29962,-29941,-5093,-8000,-5406,-29970,-29971,-29970,-29972,-29972,-29973,-29973,-29973,-29971,-29974,-29976,-29977,-29977,-29976,-29976,-29975,-29983,-29984,-29984,-29985,-29985,-29986,-29986,-29987]} 1. e4 c6 2. d4 d5 3. e5 Bf5 4. Nd2 e6 5. Nb3 Nd7 6. Nf3 h6 {B12: Caro-Kann: Advance Variation} 7. Be2 Ne7 8. O-O g5 {The position is equal.} 9. a4 Bg7 10. a5 Qc7 11. c3 f6 12. exf6 Bxf6 13. Ne1 O-O-O {[#]} 14. Bg4 $146 (14. Nd3 $14) ({Predecessor:} 14. Nd3 Bxd3 15. Qxd3 {0-1 (41) Najer,E (2653)-Eljanov,P (2723) Dubai 2014}) 14... h5 $11 15. Bxf5 Nxf5 16. Nd3 e5 17. Nbc5 Nxc5 18. Nxc5 Rde8 {[%cal Re5d4]} 19. Qf3 (19. Qc2 $1 $11 Nh4 20. Kh1) 19... Qh7 $15 20. a6 b6 21. Nb7 {Hoping for Qxf5+!} Kc7 22. dxe5 Rxe5 23. Be3 Re4 24. Rae1 $2 (24. Bd2 $15) 24... g4 $1 $19 {[%cal Rg4f3]} 25. Qd1 Nxe3 26. Rxe3 Rxe3 27. fxe3 Bg5 $1 28. Kh1 Re8 ({Resist} 28... Bxe3 29. Qe1 $17) 29. c4 Qe4 ({Weaker is} 29... Bxe3 30. cxd5 Qd7 31. Qc2 $14) 30. c5 bxc5 ({Don't do} 30... Qxe3 31. b4 $17) 31. Qe1 Qxe3 32. Qa5+ Kb8 33. Nxc5 {[#]} Qe2 $1 $40 {[%cal Re2f1][%mdl 128] Black is out for blood.} 34. Qb4+ Qb5 35. Qxb5+ cxb5 {[%mdl 4096] Endgame KRB-KRN} 36. g3 Re2 37. Nd3 {[#]} Kc7 $1 38. Rf5 (38. h4 {was necessary.} gxh3 39. Rf5) 38... Be3 {...Rd2 is the strong threat.} 39. Rxd5 {[#] intending Re5.} Rd2 $1 {[%mdl 512] ( -> ...Rd1+)} 40. h4 gxh3 41. Nb4 (41. b3 $142) 41... Rxb2 42. Rxb5 {And now Nd5+ would win.} Kd6 43. Rd5+ Ke6 44. Re5+ $2 (44. Rd8 $19 Rb1+ 45. Kh2 Bg1+ 46. Kxh3 Rxb4 47. Rh8) 44... Kxe5 45. Nd3+ Kd5 46. Nxb2 {KB-KN} Kc5 47. Kh2 Kb5 48. Kxh3 Bd4 49. Nd3 Kxa6 50. g4 hxg4+ {Black mates.} 51. Kxg4 Kb5 52. Kf3 Kc4 53. Ke2 {[#]} Kc3 $1 54. Nf4 Kc2 55. Nd5 a5 {[%cal Ba7a5,Ba5a4][%mdl 32]} 56. Nc7 a4 57. Nb5 Be5 58. Na3+ Kb3 59. Nb1 Bc3 60. Kd1 Ba5 61. Kc1 Bb4 {Accuracy: White = 48%, Black = 85%.} 0-1

[Event "RUS-chT Premier 2019"]
[Site "Sochi"]
[Date "2019.05.01"]
[Round "1.4"]
[White "Shubin, Kirill"]
[Black "Yuffa, Daniil"]
[Result "1-0"]
[WhiteElo "2404"]
[BlackElo "2595"]
[Annotator "ChessBase"]
[PlyCount "113"]
[EventDate "2019.04.30"]
[EventType "team-tourn"]
[EventCountry "RUS"]
[SourceTitle "playchess.com"]
[Source "ChessBase"]
[SourceQuality "1"]
[TimeControl "40/5400+30:1800+30"]

1. d4 {[%emt 0:00:00]} Nf6 {[%emt 0:00:35]} 2. Nf3 {[%emt 0:00:00]} d5 {[%emt 0:00:37]} 3. Bf4 {[%emt 0:00:00]} c5 {[%emt 0:02:27]} 4. e3 {[%emt 0:00:00]} Nc6 {[%emt 0:02:16]} 5. Nbd2 {[%emt 0:00:04]} Bg4 {[%emt 0:03:04]} 6. c3 {[%emt 0:03:20]} e6 {[%emt 0:00:24]} 7. Qb3 {[%emt 0:03:31]} Qc8 {[%emt 0:02:32]} 8. Ne5 {[%emt 0:10:51]} Nxe5 {[%emt 0:02:49]} 9. Bxe5 {[%emt 0:01:44]} Nd7 {[%emt 0:05:55]} 10. h3 {[%emt 0:09:02]} Bh5 {[%emt 0:02:42]} 11. c4 {[%emt 0:00:16]} Qc6 {[%emt 0:08:02]} 12. cxd5 {[%emt 0:03:24]} Qxd5 {[%emt 0:00:15]} 13. Qa4 {[%emt 0:04:32]} cxd4 {[%emt 0:12:08]} 14. Bxd4 {[%emt 0:00:03]} a6 {[%emt 0:01:32]} 15. e4 {[%emt 0:06:35]} Qd6 {[%emt 0:02:24]} 16. Bc3 {[%emt 0:01:47]} Rc8 {[%emt 0:03:48]} 17. Nc4 {[%emt 0:03:25]} Qc7 {[%emt 0:03:20]} 18. Ne5 {[%emt 0:04:26]} f6 {[%emt 0:14:52]} 19. Nxd7 {[%emt 0:01:10]} Qxd7 {[%emt 0:00:15]} 20. Qxd7+ {[%emt 0:00:33]} Kxd7 {[%emt 0:00:04]} 21. e5 {[%emt 0:03:06]} f5 {[%emt 0:05:57]} 22. g4 {[%emt 0:00:12]} fxg4 {[%emt 0:00:37]} 23. Rd1+ {[%emt 0:02:25]} Ke8 {[%emt 0:02:51]} 24. Be2 {[%emt 0:00:12]} Bc5 {[%emt 0:00:47]} 25. hxg4 {[%emt 0:01:20]} Bg6 {[%emt 0:01:00]} 26. f3 {[%emt 0:07:51]} Ke7 {[%emt 0:01:50]} 27. Bd3 {[%emt 0:00:42]} b5 {[%emt 0:01:47]} 28. Ke2 {[%emt 0:01:35]} Kf7 {[%emt 0:04:16]} 29. f4 {[%emt 0:03:23]} b4 {[%emt 0:03:47]} 30. Be1 {[%emt 0:00:07]} Bxd3+ {[%emt 0:01:12]} 31. Rxd3 {[%emt 0:01:05]} Be7 {[%emt 0:02:25]} 32. Rd7 {[%emt 0:00:35]} Rhd8 {[%emt 0:05:33]} 33. Rxe7+ {[%emt 0:01:38]} Kxe7 {[%emt 0:00:02]} 34. Bh4+ {[%emt 0:00:05]} Ke8 {[%emt 0:00:59]} 35. Bxd8 {[%emt 0:00:04]} Kxd8 {[%emt 0:00:03]} 36. Kd3 {[%emt 0:00:14]} h6 {[%emt 0:00:52]} 37. g5 {[%emt 0:02:10]} hxg5 {[%emt 0:00:37]} 38. Rh8+ {[%emt 0:00:08]} Kd7 {[%emt 0:00:03]} 39. Rxc8 {[%emt 0:00:05]} Kxc8 {[%emt 0:00:01]} 40. fxg5 {[%emt 0:00:00]} Kc7 {[%emt 0:00:00]} 41. Kc4 {[%emt 0:00:09]} Kc6 {[%emt 0:01:37]} 42. Kxb4 {[%emt 0:00:04]} Kd5 {[%emt 0:00:03]} 43. Kc3 {[%emt 0:00:22]} Kxe5 {[%emt 0:00:11]} 44. b4 {[%emt 0:00:06]} Ke4 {[%emt 0:07:43]} 45. a4 {[%emt 0:02:38]} Kd5 {[%emt 0:00:40]} 46. Kd3 {[%emt 0:01:12]} g6 {[%emt 0:10:53]} 47. b5 {[%emt 0:00:26]} a5 {[%emt 0:00:25]} 48. Ke3 {[%emt 0:00:05]} Ke5 {[%emt 0:00:25]} 49. Kf3 {[%emt 0:00:04]} Kd5 {[%emt 0:00:10]} 50. Kf4 {[%emt 0:00:04]} e5+ {[%emt 0:00:55]} 51. Ke3 {[%emt 0:00:04]} Kc5 {[%emt 0:00:15]} 52. Ke4 {[%emt 0:00:13]} Kd6 {[%emt 0:00:06]} 53. b6 {[%emt 0:00:31]} Kc6 {[%emt 0:00:04]} 54. Kxe5 {[%emt 0:00:04]} Kxb6 {[%emt 0:00:03]} 55. Kf6 {[%emt 0:00:38]} Kc5 {[%emt 0:00:17]} 56. Kxg6 {[%emt 0:00:04]} Kb4 {[%emt 0:00:04]} 57. Kf5 {[%emt 0:00:03]} 1-0

[Event "RUS-chT Premier 2019"]
[Site "Sochi"]
[Date "2019.05.01"]
[Round "1.5"]
[White "Antipov, Mikhail Al."]
[Black "Saveliev, Alexei"]
[Result "1-0"]
[WhiteElo "2595"]
[BlackElo "2367"]
[Annotator "ChessBase"]
[PlyCount "65"]
[EventDate "2019.04.30"]
[EventType "team-tourn"]
[EventCountry "RUS"]
[SourceTitle "playchess.com"]
[Source "ChessBase"]
[SourceQuality "1"]
[TimeControl "40/5400+30:1800+30"]

1. e4 {[%emt 0:00:00]} c5 {[%emt 0:00:00]} 2. Nf3 {[%emt 0:00:00]} e6 {[%emt 0:00:00]} 3. d4 {[%emt 0:00:00]} cxd4 {[%emt 0:00:00]} 4. Nxd4 {[%emt 0:00:00]} a6 {[%emt 0:00:00]} 5. c4 {[%emt 0:00:00]} Qc7 {[%emt 0:05:35]} 6. Nc3 {[%emt 0:00:00]} Nf6 {[%emt 0:00:11]} 7. a3 {[%emt 0:00:04]} b6 {[%emt 0:03:04]} 8. Be3 {[%emt 0:00:14]} Bb7 {[%emt 0:01:31]} 9. f3 {[%emt 0:00:06]} Be7 {[%emt 0:01:39]} 10. Rc1 {[%emt 0:01:57]} d6 {[%emt 0:00:48]} 11. g4 {[%emt 0:01:25]} h6 {[%emt 0:19:41]} 12. Be2 {[%emt 0:07:56]} Nbd7 {[%emt 0:01:22]} 13. h4 {[%emt 0:03:12]} Rc8 {[%emt 0:11:18]} 14. Rg1 {[%emt 0:08:54]} g6 {[%emt 0:12:02]} 15. b4 {[%emt 0:17:07]} Qd8 {[%emt 0:06:52]} 16. g5 {[%emt 0:04:48]} hxg5 {[%emt 0:05:10]} 17. hxg5 {[%emt 0:03:34]} Nh5 {[%emt 0:00:08]} 18. f4 {[%emt 0:05:54]} e5 {[%emt 0:14:53]} 19. fxe5 {[%emt 0:00:36]} dxe5 {[%emt 0:00:04]} 20. Nf3 {[%emt 0:00:47]} a5 {[%emt 0:02:39]} 21. Qb3 {[%emt 0:02:31]} axb4 {[%emt 0:00:16]} 22. axb4 {[%emt 0:00:07]} Bc6 {[%emt 0:08:11]} 23. Rh1 {[%emt 0:03:56]} Bd6 {[%emt 0:01:26]} 24. Kf2 {[%emt 0:19:47]} Qe7 {[%emt 0:00:06]} 25. Rcd1 {[%emt 0:00:12]} Rd8 {[%emt 0:03:43]} 26. Nd5 {[%emt 0:06:24]} Bxd5 {[%emt 0:00:08]} 27. Rxd5 {[%emt 0:00:05]} O-O {[%emt 0:02:01]} 28. Rxh5 {[%emt 0:01:45]} gxh5 {[%emt 0:00:10]} 29. Nh4 {[%emt 0:00:07]} f6 {[%emt 0:00:59]} 30. Nf5 {[%emt 0:00:59]} fxg5 {[%emt 0:00:20]} 31. Rxd6 {[%emt 0:00:44]} Rf6 {[%emt 0:00:38]} 32. Bxg5 {[%emt 0:01:22]} Qxd6 {[%emt 0:00:23]} 33. c5+ {[%emt 0:00:05]} 1-0

[Event "RUS-chT Premier 2019"]
[Site "Sochi"]
[Date "2019.05.01"]
[Round "1.6"]
[White "Askerov, Marat"]
[Black "Lomasov, Semyon"]
[Result "1/2-1/2"]
[WhiteElo "2315"]
[BlackElo "2541"]
[Annotator "ChessBase"]
[PlyCount "54"]
[EventDate "2019.04.30"]
[EventType "team-tourn"]
[EventCountry "RUS"]
[SourceTitle "playchess.com"]
[Source "ChessBase"]
[SourceQuality "1"]
[TimeControl "40/5400+30:1800+30"]

1. d4 {[%emt 0:00:00]} Nf6 {[%emt 0:00:00]} 2. c4 {[%emt 0:00:00]} e6 {[%emt 0:00:00]} 3. Nf3 {[%emt 0:00:00]} b6 {[%emt 0:00:00]} 4. g3 {[%emt 0:00:00]} Bb7 {[%emt 0:00:00]} 5. Bg2 {[%emt 0:00:00]} Bb4+ {[%emt 0:00:00]} 6. Bd2 {[%emt 0:02:33]} c5 {[%emt 0:00:03]} 7. Bxb4 {[%emt 0:04:12]} cxb4 {[%emt 0:00:08]} 8. a3 {[%emt 0:00:37]} bxa3 {[%emt 0:01:31]} 9. Rxa3 {[%emt 0:00:06]} a5 {[%emt 0:01:57]} 10. O-O {[%emt 0:03:20]} Na6 {[%emt 0:04:39]} 11. Nc3 {[%emt 0:00:56]} O-O {[%emt 0:01:07]} 12. Re1 {[%emt 0:14:43]} Rc8 {[%emt 0:11:27]} 13. b3 {[%emt 0:07:53]} d5 {[%emt 0:10:02]} 14. Ne5 {[%emt 0:07:05]} Qe7 {[%emt 0:08:09]} 15. Ra1 {[%emt 0:06:10]} dxc4 {[%emt 0:14:10]} 16. Bxb7 {[%emt 0:00:44]} Qxb7 {[%emt 0:00:02]} 17. bxc4 {[%emt 0:00:36]} Rfd8 {[%emt 0:03:44]} 18. Nb5 {[%emt 0:10:01]} Ne4 {[%emt 0:11:44]} 19. Qa4 {[%emt 0:11:19]} Nb4 {[%emt 0:04:35]} 20. Rac1 {[%emt 0:02:38]} f6 {[%emt 0:10:37]} 21. Nf3 {[%emt 0:03:45]} g5 {[%emt 0:00:44]} 22. Qb3 {[%emt 0:06:53]} Kg7 {[%emt 0:06:48]} 23. Qe3 {[%emt 0:01:56]} Na2 {[%emt 0:01:04]} 24. Rc2 {[%emt 0:02:39]} Nb4 {[%emt 0:00:12]} 25. Rcc1 {[%emt 0:00:50]} Na2 {[%emt 0:02:22]} 26. Rc2 {[%emt 0:04:43]} Nb4 {[%emt 0:00:14]} 27. Rcc1 {[%emt 0:00:04]} Na2 1/2-1/2

[Event "RUS-chT Premier 2019"]
[Site "Sochi"]
[Date "2019.05.01"]
[Round "1.7"]
[White "Schekachikhin, Maksim"]
[Black "Matlakov, Maxim"]
[Result "1-0"]
[WhiteElo "2424"]
[BlackElo "2697"]
[Annotator "TA"]
[PlyCount "67"]
[EventDate "2019.04.30"]
[EventType "team-tourn"]
[EventCountry "RUS"]
[SourceTitle "playchess.com"]
[Source "ChessBase"]
[SourceQuality "1"]

{[%evp 9,67,25,22,22,35,0,0,0,3,-9,8,0,0,0,2,-16,-18,-21,-17,-18,-16,-20,-15,-46,-16,-71,-51,-67,-72,-65,-11,-29,-30,-29,-34,-31,0,-47,-71,-56,0,0,0,0,0,0,76,64,197,0,0,0,253,248,480,460,825,816,29991,29992]} 1. d4 d5 2. c4 e6 3. Nc3 Bb4 4. cxd5 exd5 5. Bf4 c6 6. e3 {D31: Queen's Gambit Declined: Semi-Slav without ...Nf6 (+ Marshall Gambit and Noteboom) and Exchange Variation lines without ...Nf6} Bf5 7. Bd3 (7. g4 {feels hotter.} Be6 8. Bd3 Nd7 9. h4 h5 10. g5) 7... Bxd3 8. Qxd3 {The position is equal.} Nf6 (8... Ne7 9. Nge2 Nd7 10. O-O O-O 11. a3 Ba5 12. Rfc1 a6 13. Bg5 {½-½ (74) Andreikin,D (2708)-Fedoseev,V (2731) Sochi 2017}) 9. Nge2 Nbd7 $146 {[%cal Bb8d7,Bd7b6,Bb6c4][%mdl 32]} ({Predecessor:} 9... O-O 10. h3 Na6 11. O-O Nc7 12. Rad1 Ne6 13. Bg3 {½-½ (34) Drnovsek,G (2423)-Ruck,R (2515) Slovenia 2018}) 10. a3 Be7 11. h3 a5 12. g4 Nb6 13. Ng3 O-O 14. g5 Ne8 15. h4 Nc4 16. Qc2 g6 17. Nce2 (17. a4 $11 {remains equal.}) 17... a4 18. Nc1 Qa5+ 19. Kf1 Qb5 (19... f6 $15) 20. Nd3 $11 {[#]} Nxb2 $1 {[%mdl 512]} 21. Qxb2 Qxd3+ 22. Kg2 Nd6 23. Bxd6 (23. Qb4 $5 {[%cal Rf4d6]} Rad8 24. Qxa4 $11) 23... Bxd6 24. Qxb7 Rfc8 ({Black should try} 24... Bxg3 $1 $15 25. Kxg3 Qf5) 25. h5 {Threatens to win with hxg6.} Bc7 26. hxg6 Qxg6 {...Rab8 is the strong threat.} 27. Qb1 c5 (27... Rab8 $11 28. Qf5 Bxg3 29. Qxg6+ hxg6 30. Kxg3 c5) 28. Nf5 $36 {[%mdl 2048] Strongly threatening Ne7+. White has the initiative.} Bd8 {[#]} (28... Kf8 $14) 29. f4 $2 (29. Rh6 $1 $18 {[%cal Rh6g6]} Qxg5+ 30. Kh3) 29... Rab8 $11 30. Nh6+ Kg7 $2 {[%mdl 8192]} (30... Kf8 $11 31. Qxg6 hxg6) 31. Qf5 $18 cxd4 $2 (31... Qxf5 {was worth a try.} 32. Nxf5+ Kg8) 32. Qe5+ {[%mdl 64] Double Attack} f6 {[#]} (32... Kf8 $142 33. Nf5 (33. exd4 $2 Rb2+ 34. Kg1 Rb1+ {[%mdl 64] Double Attack} 35. Qe1 Rxe1+ $19) (33. Qxd4 f6 $14) (33. Qh8+ Ke7 $18) 33... Rb6) 33. Nf5+ $1 {[%mdl 64] Double Attack} ({Not} 33. Qxd5 Kf8 $16) 33... Kh8 {[#]} 34. Rxh7+ $1 {[%mdl 512] Accuracy: White = 61%, Black = 32%.} 1-0

[Event "RUS-chT Premier 2019"]
[Site "Sochi"]
[Date "2019.05.01"]
[Round "1.8"]
[White "Rodshtein, Maxim"]
[Black "Duzhakov, Ilya"]
[Result "1/2-1/2"]
[WhiteElo "2699"]
[BlackElo "2388"]
[Annotator "TA"]
[PlyCount "82"]
[EventDate "2019.04.30"]
[EventType "team-tourn"]
[EventCountry "RUS"]
[SourceTitle "playchess.com"]
[Source "ChessBase"]
[SourceQuality "1"]

{[%evp 14,82,25,16,22,27,33,23,33,-17,0,0,0,0,0,0,18,0,0,0,0,0,4,0,25,18,12,13,10,8,32,0,0,0,0,0,0,0,0,0,6,-8,0,0,0,0,0,-17,-12,-9,0,0,0,0,0,0,0,0,0,0,0,0,0,0,0,0,0,0,0,0,36]} 1. e4 c5 2. Nc3 d6 3. Nge2 Nf6 4. d4 cxd4 5. Nxd4 a6 6. Bd3 g6 7. f3 Bg7 8. Be3 Nc6 {B72: Sicilian Dragon: 6 Be3, lines with h3+Bc4 and sidelines} 9. Qd2 O-O (9... Nxd4 10. Bxd4 Be6 11. g4 b5 12. h4 Qa5 13. a3 h6 14. O-O-O Rb8 15. g5 Nh5 16. Bxg7 Nxg7 17. gxh6 {½-½ (41) Anand,V (2779)-Navara,D (2739) Shamkir 2019}) 10. O-O-O d5 {White has an edge.} 11. Qe1 $146 ({Predecessor:} 11. Nxc6 bxc6 12. Bh6 e5 13. Bxg7 Kxg7 14. exd5 cxd5 15. f4 d4 16. fxe5 dxc3 17. exf6+ Qxf6 18. Qxc3 Qxc3 19. bxc3 {½-½ (39) Motylev,A (2675)-Das,S (2442) London 2017}) 11... Nxd4 12. Bxd4 dxe4 13. Bxe4 {[#] Bxf6 is the strong threat.} Qc7 14. Qg3 Qa5 15. Rhe1 Be6 16. Qe5 (16. Bxb7 Rab8 $19) 16... Qxe5 17. Bxe5 Nxe4 18. Rxe4 Rac8 19. Bxg7 Kxg7 20. a4 Rc6 21. Rb4 b6 22. Ne2 Rfc8 {The position is equal.} 23. Rd2 a5 24. Rbd4 Bf5 {[%cal Rf5c2]} 25. Nc3 h5 26. Re2 Kf8 27. h3 Be6 28. Red2 f6 29. Kd1 Kf7 30. h4 Bf5 31. Ne4 R8c7 32. b3 Bxe4 33. Rxe4 $11 {[%mdl 4096] Endgame KRR-KRR} Rc3 34. Red4 R7c6 35. Rd7 g5 36. hxg5 fxg5 37. Re2 Re6 38. Rxe6 Kxe6 39. Rb7 Rc6 40. Kd2 Kf6 41. c3 Ke5 {Accuracy: White = 64%, Black = 74%.} 1/2-1/2

[Event "RUS-chT Premier 2019"]
[Site "Sochi"]
[Date "2019.05.01"]
[Round "1.9"]
[White "Vlasenko, Miroslav"]
[Black "Najer, Evgeniy"]
[Result "0-1"]
[WhiteElo "2424"]
[BlackElo "2674"]
[Annotator "TA"]
[PlyCount "64"]
[EventDate "2019.04.30"]
[EventType "team-tourn"]
[EventCountry "RUS"]
[SourceTitle "playchess.com"]
[Source "ChessBase"]
[SourceQuality "1"]

{[%evp 9,80,-12,-2,-22,-22,-20,1,-2,-3,-9,12,4,11,12,0,0,21,-25,-25,-27,-30,-24,-4,-32,-26,-56,-58,-54,-46,-80,-70,-78,-78,-92,-92,-96,-96,-149,-149,-170,-156,-223,-211,-237,-221,-224,-231,-270,-255,-275,-267,-279,-277,-291,-270,-316,-282,-347,-323,-571,-508,-770,-773,-6219,-6199,-5785,-5577,-29974,-876,-840,-834,-751,-658]} 1. d4 Nf6 2. Nc3 d5 3. Bf4 e6 4. e3 a6 5. Nf3 c5 6. dxc5 {D00: 1 d4 d5: Unusual lines} (6. Bd3 cxd4 7. exd4 Nc6 8. O-O Be7 9. Ne2 Nb4 10. c3 Nxd3 11. Qxd3 O-O 12. Ne5 {½-½ (39) Mamedyarov,S (2801)-Giri,A (2782) chess.com INT 2018}) 6... Bxc5 7. Bd3 Nc6 8. O-O {The position is equal.} Bd6 9. Re1 e5 $146 ({Predecessor:} 9... Bb8 10. Bg5 h6 11. Bh4 g5 {0-1 (27) Rapport,J (2348)-Koneru,H (2557) Batumi 2018}) 10. Bg3 O-O 11. e4 d4 $1 {[%cal Rd4c3]} 12. Nd5 h6 13. Nh4 Nb4 14. Nxf6+ Qxf6 15. Bc4 Nc6 16. Qd3 Be6 $36 {[%mdl 2048] [#] Hoping for ...Nb4. Black has good play.} 17. Bxe6 Qxe6 18. Nf5 Rfd8 19. Nxd6 Qxd6 20. a3 Rac8 21. Re2 Na5 22. Rb1 Nc4 23. b4 (23. h3 $142) 23... b5 $17 24. Rf1 Qe7 25. Qb3 (25. Rb1 $17 {keeps fighting.}) 25... h5 $19 {[#] Strongly threatening ...h4.} 26. h4 Nb6 27. Rd1 Rc3 28. Qa2 g5 29. f3 gxh4 30. Be1 Rc6 31. Rd3 Nc4 32. c3 dxc3 {Played: Rc6-g6} 0-1